Przetłumacz państwa z hiszpańskiego na polski - Statystyki

Ogólne statystyki
  • Ten quiz został rozwiązany 2 627 razy
  • Średni wynik to 16 z 21
Statystyki odpowiedzi
Hiszpański Polski % Poprawnych
España Hiszpania
100%
Bielorrusia Białoruś
95%
Islandia Islandia
95%
Polonia Polska
94%
Líbano Liban
92%
Noruega Norwegia
92%
Túnez Tunezja
92%
Sudáfrica Republika Południowej Afryki
86%
Yibuti Dżibuti
83%
Letonia Łotwa
80%
Eslovaquia Słowacja
80%
Estados Unidos Stany Zjednoczone
80%
Alemania Niemcy
72%
Suecia Szwecja
71%
Marruecos Maroko
69%
Dinamarca Dania
64%
Chipre Cypr
61%
Reino Unido Wielka Brytania
56%
Mauricio Mauritius
52%
Costa de Marfil Wybrzeże Kości Słoniowej
51%
Países Bajos Holandia
22%
Nie znaleziono quizów pasujących do podanych kryteriów
Rozkład punktacji
Procent ludzi z każdym wynikiem
Percentyl według liczby udzielonych odpowiedzi
Twoja historia wyników
Nie rozwiązałeś tego quizu